Statystyki dla Powiaty na literę K

Kliknij tutaj aby rozwiązać quiz!

Ogólne statystyki

  • Ten quiz został rozwiązany 283 razy
  • Średni wynik to 29 z 39

Statystyki odpowiedzi

WojewództwoPowiat% Poprawnych
małopolskieKraków
93%
wielkopolskieKonin
92%
świętokrzyskiekielecki
90%
małopolskiekrakowski
90%
świętokrzyskieKielce
89%
wielkopolskiekoniński
89%
wielkopolskiekaliski
87%
wielkopolskieKalisz
86%
zachodniopomorskieKoszalin
86%
zachodniopomorskiekoszaliński
86%
śląskieKatowice
84%
wielkopolskiekolski
83%
zachodniopomorskiekołobrzeski
81%
podkarpackiekrośnieński
80%
lubuskiekrośnieński
80%
pomorskiekartuski
77%
podkarpackieKrosno
77%
warmińsko-mazurskiekętrzyński
75%
pomorskiekwidzyński
75%
lubelskiekraśnicki
73%
łódzkiekutnowski
73%
opolskiekędzierzyńsko-kozielski
72%
dolnośląskiekłodzki
72%
wielkopolskiekrotoszyński
72%
opolskiekluczborski
70%
opolskiekrapkowicki
70%
lubelskiekrasnostawski
70%
zachodniopomorskiekamieński
69%
śląskiekłobucki
67%
pomorskiekościerski
67%
dolnośląskiekamiennogórski
66%
świętokrzyskiekonecki
66%
świętokrzyskiekazimierski
65%
wielkopolskiekościański
64%
wielkopolskiekępiński
63%
podkarpackiekolbuszowski
63%
podlaskiekolneński
61%
mazowieckiekozienicki
52%
dolnośląskiekarkonoski
43%

Rozkład punktacji

Percentyl według liczby udzielonych odpowiedzi

Procent ludzi z każdym wynikiem

Twoja historia wyników

Nie rozwiązałeś tego quizu